| 000 | 01187nam0a22002891 4500 | ||
|---|---|---|---|
| 001 | rc\3615337 | ||
| 005 | 20260406171751.0 | ||
| 021 |
_aRU _b72-38874 |
||
| 021 |
_aRU _bРг12075-72 |
||
| 035 | _a(NLR Aleph) 007714577 | ||
| 090 |
_a6884499 _c6884499 |
||
| 100 | _a20130115d1971 |||y0rusy50 ca | ||
| 101 | 0 | _arus | |
| 102 | _aRU | ||
| 105 | _aag z ||||| | ||
| 200 | 1 |
_aПять эстонских танцев _eМетод. материал для танцевальных коллективов в связи с 50-летием образования Сов. Союза _f[Ред. М. Мерило] _gМ-во культуры ЭССР. Дом. нар. творчества ЭССР |
|
| 210 |
_aТаллин _cБ. и. _d1971 |
||
| 215 |
_a160 с. _cил., нот. _d20 |
||
| 300 | _aНа обороте тит. л. сост.: И. Генералова | ||
| 702 | 1 |
_aГенералова _bИ. _4220 |
|
| 702 | 1 |
_aМерило _bМ. _4340 |
|
| 712 | 0 | 2 |
_aЦентральный дом народного творчества _cТаллин _3RU\NLR\AUTH\889939239 _9373354 |
| 801 | 0 |
_aRU _bNLR _gpsbo |
|
| 801 | 1 |
_aRU _bELAR _2rusmarc |
|
| 852 |
_aNLR _j72-3/7294 |
||
| 942 | _cBOOK | ||
| 980 | _aNB | ||